[Event "WchT Blitz Pool B"]
[Site "London"]
[Date "2025.06.14"]
[Round "9.5"]
[White "Bulmaga, Irina"]
[Black "Dishman, Matthew"]
[Result "1-0"]
[WhiteElo "2393"]
[BlackElo "1978"]
[PlyCount "46"]
[EventDate "2025.06.14"]
[EventType "team-tourn"]
[EventRounds "13"]
[EventCountry "ENG"]
[SourceTitle "CB25_2025"]
[SourceDate "2025.06.18"]
[SourceVersion "1"]
[SourceVersionDate "2025.06.18"]
[SourceQuality "1"]
[WhiteTeam "Malcolm's Mates"]
[BlackTeam "Sassy Seniors"]
[WhiteTeamCountry "ENG"]
[BlackTeamCountry "ENG"]

1. e4 e5 2. Nf3 Nc6 3. d4 exd4 4. Nxd4 Nf6 5. Nxc6 bxc6 6. Nd2 d6 7. Bd3 g6 8. 0-0 Bg7 9. f4 0-0 10. Qf3 Rb8 11. Rb1 c5 12. b3 Nd7 13. Bb2 Bxb2 14. Rxb2 Bb7 15. Rbb1 Re8 16. Rbe1 Qf6 17. Kh1 Qc3 18. Re2 Nf6 19. Rfe1 d5 20. e5 Nd7 21. Qg4 Nf8 22. f5 Qd4 23. Qg3 Nd7 1-0

[Event "WchT Blitz Pool B"]
[Site "London"]
[Date "2025.06.14"]
[Round "2.5"]
[White "Gong, Qianyun"]
[Black "Bulmaga, Irina"]
[Result "0-1"]
[WhiteElo "2228"]
[BlackElo "2393"]
[PlyCount "82"]
[EventDate "2025.06.14"]
[EventType "team-tourn"]
[EventRounds "13"]
[EventCountry "ENG"]
[SourceTitle "CB25_2025"]
[SourceDate "2025.06.18"]
[SourceVersion "1"]
[SourceVersionDate "2025.06.18"]
[SourceQuality "1"]
[WhiteTeam "Theme Int Trading"]
[BlackTeam "Malcolm's Mates"]
[WhiteTeamCountry "SIN"]
[BlackTeamCountry "ENG"]

1. e4 e5 2. Nf3 Nc6 3. Bc4 Bc5 4. d3 Nf6 5. Bg5 h6 6. Bh4 d6 7. c3 a6 8. a4 Ba7 9. Nbd2 Qe7 10. b4 g5 11. Bg3 Nd7 12. Bb3 Nf8 13. Nc4 Ng6 14. b5 Nd8 15. Ne3 c6 16. h4 g4 17. Nd2 h5 18. Qc2 Bxe3 19. fxe3 axb5 20. Rb1 bxa4 21. Bxa4 0-0 22. Bb3 Kg7 23. d4 f5 24. exf5 Bxf5 25. e4 exd4 26. cxd4 d5 27. 0-0 Bxe4 28. Nxe4 Qxe4 29. Qxe4 dxe4 30. Rxf8 Kxf8 31. Bc2 Kg7 32. Bxe4 Ra4 33. Rd1 Ne6 34. Bf2 Ngf4 35. Bc2 Ra2 36. Bb3 Rb2 37. Bc4 Nd5 38. Re1 Kf6 39. Bg3 Nef4 40. Rf1 Rxg2+ 41. Kh1 Rxg3 0-1

[Event "WchT Blitz Pool B"]
[Site "London"]
[Date "2025.06.14"]
[Round "4.5"]
[White "Hryshchenko, Kamila"]
[Black "Bulmaga, Irina"]
[Result "0-1"]
[WhiteElo "2097"]
[BlackElo "2393"]
[PlyCount "100"]
[EventDate "2025.06.14"]
[EventType "team-tourn"]
[EventRounds "13"]
[EventCountry "ENG"]
[SourceTitle "CB25_2025"]
[SourceDate "2025.06.18"]
[SourceVersion "1"]
[SourceVersionDate "2025.06.18"]
[SourceQuality "1"]
[WhiteTeam "Sharks 4NCL"]
[BlackTeam "Malcolm's Mates"]
[WhiteTeamCountry "ENG"]
[BlackTeamCountry "ENG"]

1. e4 e5 2. Nf3 Nc6 3. Bb5 Nf6 4. d3 Bc5 5. 0-0 Nd4 6. Nxd4 Bxd4 7. h3 c6 8. Ba4 0-0 9. c3 Bb6 10. Nd2 d5 11. Qe2 Re8 12. Nf3 h6 13. Bc2 a5 14. Nh2 Be6 15. a4 Qd7 16. Be3 Bxe3 17. Qxe3 Qc7 18. f4 exf4 19. Rxf4 Nd7 20. d4 dxe4 21. Qxe4 Nf8 22. Qf3 Bd5 23. Qf2 Qe7 24. b3 Qe2 25. c4 Qxf2+ 26. Rxf2 Be4 27. Ng4 Rad8 28. Rd1 Bxc2 29. Rxc2 h5 30. Nf2 Re3 31. d5 Rxb3 32. Ne4 cxd5 33. cxd5 Rb4 34. Nc5 b6 35. Nb7 Rd7 36. Rc8 Rxb7 37. Re1 f6 38. Ree8 Rf7 39. d6 Rd4 40. Rc6 Kh7 41. Rxb6 Nd7 42. Ra6 Ne5 43. Re7 Kg6 44. Rxa5 Rxd6 45. Rxf7 Kxf7 46. Rb5 Rd4 47. a5 Ra4 48. Kf2 h4 49. Ke3 g5 50. Rc5 Rxa5 0-1

[Event "Wroclaw POL-ROW (Women)"]
[Site "Wroclaw"]
[Date "2025.03.14"]
[Round "5.2"]
[White "Cyfka, Karina"]
[Black "Bulmaga, Irina"]
[Result "1/2-1/2"]
[WhiteElo "2372"]
[BlackElo "2362"]
[PlyCount "33"]
[EventDate "2025.03.10"]
[EventType "schev"]
[EventRounds "5"]
[EventCountry "POL"]
[SourceTitle "CB12_2025"]
[SourceDate "2025.03.19"]
[SourceVersion "1"]
[SourceVersionDate "2025.03.19"]
[SourceQuality "1"]
[WhiteTeam "Poland"]
[BlackTeam "World"]
[WhiteTeamCountry "POL"]

1. d4 Nf6 2. Nf3 e6 3. c4 d5 4. Nc3 Be7 5. Bf4 0-0 6. e3 Nbd7 7. a3 c5 8. cxd5 Nxd5 9. Nxd5 exd5 10. dxc5 Nxc5 11. Be5 Bg4 12. Be2 Bxf3 13. Bxf3 Bf6 14. Bxf6 Qxf6 15. Rc1 Rac8 16. 0-0 Qxb2 17. Bxd5 1/2-1/2

[Event "Wroclaw POL-ROW (Women) playoff"]
[Site "Wroclaw"]
[Date "2025.03.14"]
[Round "1.4"]
[White "Maltsevskaya, Aleksandra"]
[Black "Bulmaga, Irina"]
[Result "1/2-1/2"]
[WhiteElo "2376"]
[BlackElo "2362"]
[PlyCount "128"]
[EventDate "2025.03.14"]
[EventType "team-match (blitz)"]
[EventRounds "2"]
[EventCountry "POL"]
[SourceTitle "CB12_2025"]
[SourceDate "2025.03.19"]
[SourceVersion "1"]
[SourceVersionDate "2025.03.19"]
[SourceQuality "1"]
[WhiteTeam "Poland"]
[BlackTeam "World"]
[WhiteTeamCountry "POL"]

1. e4 e5 2. Nf3 Nc6 3. Bb5 Nf6 4. d3 d6 5. 0-0 Bd7 6. Nc3 g6 7. d4 exd4 8. Nxd4 Bg7 9. Bxc6 Bxc6 10. Nxc6 bxc6 11. e5 dxe5 12. Qf3 0-0 13. Qxc6 Qd6 14. Qxd6 cxd6 15. Rd1 Rfd8 16. Bg5 h6 17. Bxf6 Bxf6 18. Nd5 Bg7 19. c4 e4 20. Rab1 a5 21. b3 f5 22. a3 Kf7 23. g3 Rac8 24. Kg2 Rc6 25. Rdc1 Rdc8 26. b4 Rxc4 27. Rxc4 Rxc4 28. bxa5 Ra4 29. Rb7+ Kf8 30. Nf4 Bc3 31. Nxg6+ Ke8 32. Rb6 Rxa5 33. Rxd6 Rxa3 34. Nh4 f4 35. gxf4 Ra2 36. Nf5 Bd2 37. Re6+ Kf7 38. Rxe4 Kg6 39. Nh4+ Kf6 40. f5 Bg5 41. Re6+ Kf7 42. Nf3 Ra5 43. h4 Bf6 44. Rb6 Rxf5 45. Kg3 Rd5 46. Rb7+ Kg6 47. Rb4 h5 48. Re4 Rb5 49. Re6 Kf5 50. Rc6 Rd5 51. Kg2 Rb5 52. Ra6 Rd5 53. Ra4 Rb5 54. Kg3 Rd5 55. Rf4+ Kg6 56. Kg2 Be5 57. Ra4 Bf6 58. Ng1 Rd4 59. Rxd4 Bxd4 60. Ne2 Be5 61. f4 Bf6 62. Kg3 Kf5 63. Ng1 Bxh4+ 64. Kxh4 Kxf4 1/2-1/2

[Event "Wroclaw POL-ROW (Women) playoff"]
[Site "Wroclaw"]
[Date "2025.03.14"]
[Round "2.3"]
[White "Zawadzka, Jolanta"]
[Black "Bulmaga, Irina"]
[Result "1/2-1/2"]
[WhiteElo "2326"]
[BlackElo "2362"]
[PlyCount "64"]
[EventDate "2025.03.14"]
[EventType "team-match (blitz)"]
[EventRounds "2"]
[EventCountry "POL"]
[SourceTitle "CB12_2025"]
[SourceDate "2025.03.19"]
[SourceVersion "1"]
[SourceVersionDate "2025.03.19"]
[SourceQuality "1"]
[WhiteTeam "Poland"]
[BlackTeam "World"]
[WhiteTeamCountry "POL"]

1. e4 e5 2. Nf3 Nc6 3. d4 exd4 4. Nxd4 Nf6 5. Nc3 Bb4 6. Nxc6 bxc6 7. Bd3 d5 8. exd5 cxd5 9. Qe2+ Qe7 10. Qxe7+ Kxe7 11. Bf4 Bxc3+ 12. bxc3 c5 13. 0-0-0 Be6 14. Rhe1 Rac8 15. c4 d4 16. Kd2 Nd7 17. Rb1 Nb6 18. Rb5 Rhd8 19. Re5 Nd7 20. Rb7 Kf8 21. Re1 Nb6 22. Rxa7 Nxc4+ 23. Bxc4 Bxc4 24. a4 Bd5 25. f3 c4 26. Ree7 c3+ 27. Kd1 d3 28. Red7 dxc2+ 29. Kxc2 Rxd7 30. Rxd7 Be6 31. Rc7 Ra8 32. Rxc3 Rxa4 1/2-1/2

[Event "Wroclaw POL-ROW (Women)"]
[Site "Wroclaw"]
[Date "2025.03.12"]
[Round "3.5"]
[White "Kulon, Klaudia"]
[Black "Bulmaga, Irina"]
[Result "0-1"]
[WhiteElo "2401"]
[BlackElo "2362"]
[PlyCount "108"]
[EventDate "2025.03.10"]
[EventType "schev"]
[EventRounds "5"]
[EventCountry "POL"]
[SourceTitle "CB12_2025"]
[SourceDate "2025.03.19"]
[SourceVersion "1"]
[SourceVersionDate "2025.03.19"]
[SourceQuality "1"]
[WhiteTeam "Poland"]
[BlackTeam "World"]
[WhiteTeamCountry "POL"]

1. e4 e5 2. Nf3 Nc6 3. Bc4 Nf6 4. Ng5 d5 5. exd5 Na5 6. Bb5+ c6 7. dxc6 bxc6 8. Bd3 Nd5 9. Nf3 Bd6 10. 0-0 0-0 11. Re1 f5 12. Nxe5 Qf6 13. Nf3 g5 14. Nc3 g4 15. a3 gxf3 16. Qxf3 Be6 17. b4 Nxc3 18. dxc3 Bd5 19. Qh3 Nc4 20. Bh6 Rf7 21. Re2 Bf8 22. Bf4 Rg7 23. g3 Bd6 24. Bh6 Rg6 25. Be3 Nxe3 26. Rxe3 Rf8 27. Rae1 Rh6 28. Qf1 f4 29. Re8 fxg3 30. fxg3 Qxc3 31. Qf2 c5 32. b5 Rhf6 33. Qe3 Qd4 34. Qxd4 cxd4 35. a4 Bb4 36. Rxf8+ Rxf8 37. Re5 Bf3 38. h3 Kg7 39. g4 h6 40. Bc4 Bd2 41. Re7+ Kg6 42. h4 Bxg4 43. Rxa7 Kh5 44. Bf7+ Kxh4 45. Kg2 Rc8 46. Bb3 Re8 47. Bc4 Bh3+ 48. Kf3 Re3+ 49. Kf2 Be1+ 50. Kg1 Bg3 51. Rf7 Re1+ 52. Bf1 Rxf1+ 53. Rxf1 Bxf1 54. Kxf1 Bc7 0-1

[Event "Wroclaw POL-ROW (Women)"]
[Site "Wroclaw"]
[Date "2025.03.11"]
[Round "2.4"]
[White "Bulmaga, Irina"]
[Black "Zawadzka, Jolanta"]
[Result "1/2-1/2"]
[WhiteElo "2362"]
[BlackElo "2326"]
[PlyCount "93"]
[EventDate "2025.03.10"]
[EventType "schev"]
[EventRounds "5"]
[EventCountry "POL"]
[SourceTitle "CB12_2025"]
[SourceDate "2025.03.19"]
[SourceVersion "1"]
[SourceVersionDate "2025.03.19"]
[SourceQuality "1"]
[WhiteTeam "World"]
[BlackTeam "Poland"]
[BlackTeamCountry "POL"]

1. e4 c6 2. d4 d5 3. e5 c5 4. dxc5 e6 5. a3 Bxc5 6. Qg4 Ne7 7. Bd3 Ng6 8. Nf3 Nc6 9. Bxg6 hxg6 10. 0-0 Qc7 11. Re1 Bd7 12. b4 Bb6 13. c4 dxc4 14. Nbd2 Ne7 15. Nxc4 Nf5 16. Bb2 0-0 17. Rac1 Bc6 18. Ng5 Qe7 19. Nxb6 axb6 20. Rc3 Rfd8 21. Rh3 Qd7 22. Ne4 Bxe4 23. Qxe4 Rac8 24. g4 Ne7 25. Bc1 Qd4 26. Qxd4 Rxd4 27. Rg3 Nd5 28. h3 Rc2 29. Kf1 Rdc4 30. Bg5 Kf8 31. h4 Ke8 32. h5 gxh5 33. gxh5 R2c3 34. Rxc3 Rxc3 35. Rc1 Rxc1+ 36. Bxc1 Kd7 37. Ke2 f6 38. exf6 Nxf6 39. h6 gxh6 40. Bxh6 Kc6 41. Kd3 Kb5 42. Bg7 Nd7 43. Kc3 Ka4 44. Kb2 Nb8 45. Bd4 Nd7 46. Bg7 Nb8 47. Bd4 1/2-1/2

[Event "BL 2425 (Women)"]
[Site "Germany"]
[Date "2025.02.16"]
[Round "6.4"]
[White "Kulon, Klaudia"]
[Black "Bulmaga, Irina"]
[Result "1/2-1/2"]
[WhiteElo "2395"]
[BlackElo "2401"]
[PlyCount "89"]
[EventDate "2024.11.16"]
[EventType "team-tourn"]
[EventRounds "11"]
[EventCountry "GER"]
[SourceTitle "CB14_2025"]
[SourceDate "2024.11.01"]
[SourceVersion "1"]
[SourceVersionDate "2024.11.01"]
[SourceQuality "1"]
[WhiteTeam "Bad Koenigshofen (W)"]
[BlackTeam "Schwaebisch Hall (W)"]
[WhiteTeamCountry "GER"]
[BlackTeamCountry "GER"]

1. e4 e5 2. Nf3 Nc6 3. Nc3 Nf6 4. d4 exd4 5. Nxd4 Bb4 6. Nxc6 bxc6 7. Bd3 d5 8. exd5 cxd5 9. 0-0 0-0 10. Bg5 c6 11. Qf3 h6 12. Bxf6 Qxf6 13. Qxf6 gxf6 14. Ne2 Rb8 15. Rab1 Bd6 16. Rfd1 Be6 17. c3 c5 18. b3 Rb6 19. h3 f5 20. f4 Re8 21. Kf1 Bc8 22. g3 Kg7 23. a4 Be6 24. Bc2 Kf6 25. Ng1 Rg8 26. Kf2 d4 27. c4 Bd7 28. Nf3 Rbb8 29. Re1 Rge8 30. Rxe8 Rxe8 31. Re1 Rxe1 32. Kxe1 Bc6 33. Ke2 Be4 34. Bd3 Ke6 35. Nd2 Bg2 36. h4 Bc6 37. Bc2 Be7 38. Bd3 Bd8 39. Bc2 Ba5 40. Nf3 Be4 41. Bd3 Bc3 42. h5 Ba5 43. Nh2 Bc7 44. Nf3 Ba5 45. Nh2 1/2-1/2

[Event "Tata Steel-B 87th"]
[Site "Wijk aan Zee"]
[Date "2025.01.29"]
[Round "10"]
[White "Pijpers, Arthur"]
[Black "Bulmaga, Irina"]
[Result "1-0"]
[WhiteElo "2474"]
[BlackElo "2386"]
[PlyCount "77"]
[EventDate "2025.01.18"]
[EventType "tourn"]
[EventRounds "13"]
[EventCountry "NED"]
[EventCategory "12"]
[SourceTitle "CB06_2025"]
[SourceDate "2025.02.05"]
[SourceVersion "1"]
[SourceVersionDate "2025.02.05"]
[SourceQuality "1"]

1. e4 e5 2. Nf3 Nc6 3. Bb5 Nf6 4. d3 Bc5 5. Nbd2 0-0 6. Bxc6 dxc6 7. Nc4 Nd7 8. Ne3 Re8 9. g4 Bxe3 10. Bxe3 Nf8 11. Rg1 b6 12. Qd2 a5 13. 0-0-0 c5 14. g5 Qd6 15. Qc3 a4 16. h4 Bb7 17. h5 Qe6 18. h6 g6 19. Kb1 Nd7 20. Nh2 Qc6 21. Ng4 b5 22. f4 b4 23. Qd2 exf4 24. Bxf4 Qb6 25. Be3 Qe6 26. Bxc5 Nxc5 27. Qxb4 Qb6 28. Nf6+ Kh8 29. Qc3 Qa5 30. Qxa5 Rxa5 31. Nxe8 Ne6 32. Rdf1 Nxg5 33. Nxc7 Kg8 34. c4 Re5 35. Nb5 Bc6 36. Nd6 Re6 37. Rxg5 Rxd6 38. Kc2 f6 39. e5 1-0

[Event "Tata Steel-B 87th"]
[Site "Wijk aan Zee"]
[Date "2025.01.28"]
[Round "9"]
[White "Bulmaga, Irina"]
[Black "Bok, Benjamin"]
[Result "0-1"]
[WhiteElo "2386"]
[BlackElo "2583"]
[PlyCount "80"]
[EventDate "2025.01.18"]
[EventType "tourn"]
[EventRounds "13"]
[EventCountry "NED"]
[EventCategory "12"]
[SourceTitle "CB06_2025"]
[SourceDate "2025.02.05"]
[SourceVersion "1"]
[SourceVersionDate "2025.02.05"]
[SourceQuality "1"]

1. e4 c5 2. Nf3 e6 3. d4 cxd4 4. Nxd4 Nc6 5. Nc3 Qc7 6. Be3 a6 7. Be2 Nf6 8. a3 Be7 9. g4 d5 10. exd5 Nxd5 11. Nxd5 exd5 12. Qd2 0-0 13. 0-0-0 Ne5 14. Rhg1 Nc4 15. Bxc4 dxc4 16. Bf4 Qc5 17. Qc3 Rd8 18. Be3 Qc7 19. f4 b5 20. Nf5 Rxd1+ 21. Rxd1 Bxf5 22. gxf5 Bf6 23. Qb4 h5 24. Qc5 Qb7 25. Qb6 Qe4 26. Qc5 Re8 27. Bd2 Qg2 28. a4 Qxh2 29. axb5 axb5 30. Qxb5 Ra8 31. Ba5 Qxf4+ 32. Kb1 Rb8 33. Bb6 Qe3 34. Bxe3 Rxb5 35. Bd4 Rxf5 36. Bxf6 Rxf6 37. Rd4 g5 38. Rxc4 g4 39. Rc5 g3 40. Rxh5 g2 0-1

[Event "Tata Steel-B 87th"]
[Site "Wijk aan Zee"]
[Date "2025.01.19"]
[Round "2"]
[White "Bulmaga, Irina"]
[Black "L'Ami, Erwin"]
[Result "0-1"]
[WhiteElo "2386"]
[BlackElo "2614"]
[PlyCount "102"]
[EventDate "2025.01.18"]
[EventType "tourn"]
[EventRounds "13"]
[EventCountry "NED"]
[EventCategory "12"]
[SourceTitle "CB06_2025"]
[SourceDate "2025.02.05"]
[SourceVersion "1"]
[SourceVersionDate "2025.02.05"]
[SourceQuality "1"]

1. e4 c5 2. Nf3 d6 3. Bb5+ Bd7 4. Bxd7+ Qxd7 5. 0-0 Nf6 6. Re1 Nc6 7. c3 e6 8. d4 cxd4 9. cxd4 d5 10. e5 Ne4 11. Re3 Bb4 12. Ne1 h6 13. f3 Ng5 14. Re2 0-0 15. h4 Nh7 16. Be3 f6 17. Nd3 Be7 18. Qe1 fxe5 19. dxe5 Rf5 20. Bf2 Nf8 21. f4 Ng6 22. g3 h5 23. a3 Nh8 24. Nd2 Nf7 25. b4 Nh6 26. Nb3 a6 27. Rc1 Qe8 28. Nd4 Nxd4 29. Bxd4 Qg6 30. Rg2 Rff8 31. Qd2 Rfc8 32. Bc5 Bd8 33. Rc3 Rc6 34. a4 b6 35. Bd4 Rac8 36. Rxc6 Rxc6 37. Kh1 Qe4 38. Bg1 Nf5 39. Kh2 d4 40. b5 axb5 41. axb5 Rc3 42. Nb4 Bxh4 43. Bf2 Be7 44. Nc6 Bc5 45. Qa2 Rc2 46. Qxe6+ Kh7 47. Qf7 d3 48. Qxh5+ Nh6 49. f5 Qxf5 50. Qxf5+ Nxf5 51. Be1 Ne3 0-1

[Event "EU-ch rapid (Women)"]
[Site "Monaco"]
[Date "2025.01.12"]
[Round "8"]
[White "Narva, Mai"]
[Black "Bulmaga, Irina"]
[Result "1/2-1/2"]
[WhiteElo "2398"]
[BlackElo "2386"]
[PlyCount "122"]
[EventDate "2025.01.11"]
[EventType "swiss (rapid)"]
[EventRounds "11"]
[EventCountry "MNC"]
[SourceTitle "CB03_2025"]
[SourceDate "2025.01.15"]
[SourceVersion "1"]
[SourceVersionDate "2025.01.15"]
[SourceQuality "1"]

1. e4 e5 2. Nf3 Nc6 3. Bb5 Nf6 4. 0-0 Nxe4 5. Re1 Nd6 6. a4 Be7 7. Nc3 0-0 8. Nxe5 Nxe5 9. Rxe5 c6 10. Bd3 Ne8 11. b3 d6 12. Re1 d5 13. Bb2 Nd6 14. Qf3 Be6 15. Ne2 Bf6 16. Bxf6 Qxf6 17. Qxf6 gxf6 18. Ng3 f5 19. Re5 Kg7 20. Rae1 Kf6 21. Nh5+ Kg5 22. Ng7 Bd7 23. h4+ Kg6 24. Nxf5 Bxf5 25. Rxf5 Nxf5 26. Re5 f6 27. Rxf5 Kg7 28. g4 Rae8 29. Rh5 h6 30. f4 Re1+ 31. Kf2 Rd1 32. Ke2 Rg1 33. g5 fxg5 34. fxg5 Rh8 35. Ke3 hxg5 36. Rxg5+ Rxg5 37. hxg5 Rh4 38. Bf5 b6 39. d4 Kf7 40. b4 c5 41. bxc5 bxc5 42. c3 cxd4+ 43. cxd4 a5 44. Bd7 Ke7 45. Bf5 Kd6 46. g6 Rh1 47. Kf4 Rg1 48. Bg4 Ke7 49. Kf5 Kf8 50. Be2 Kg7 51. Bb5 Rxg6 52. Ke5 Rg5+ 53. Kd6 Kf6 54. Bc6 Rg8 55. Kxd5 Ke7 56. Kc5 Rb8 57. d5 Rb4 58. d6+ Kd8 59. Bb5 Rb1 60. Kb6 Rd1 61. d7 Rxd7 1/2-1/2

[Event "EU-ch rapid (Women)"]
[Site "Monaco"]
[Date "2025.01.11"]
[Round "1"]
[White "Bulmaga, Irina"]
[Black "Hristova, Ivelina"]
[Result "1-0"]
[WhiteElo "2386"]
[BlackElo "1863"]
[PlyCount "51"]
[EventDate "2025.01.11"]
[EventType "swiss (rapid)"]
[EventRounds "11"]
[EventCountry "MNC"]
[SourceTitle "CB03_2025"]
[SourceDate "2025.01.15"]
[SourceVersion "1"]
[SourceVersionDate "2025.01.15"]
[SourceQuality "1"]

1. e4 c5 2. Nf3 Nc6 3. Bb5 g6 4. 0-0 Bg7 5. d3 e5 6. Bxc6 dxc6 7. Nbd2 Nh6 8. Nc4 f6 9. Be3 Qe7 10. a3 Nf7 11. b4 cxb4 12. axb4 Qxb4 13. Nb6 Rb8 14. Nxc8 Rxc8 15. Rxa7 Nd6 16. Qa1 Nb5 17. Rxb7 Rc7 18. Rxc7 Nxc7 19. Rb1 Qd6 20. Qa7 0-0 21. Bc5 Qd7 22. Rb7 Rc8 23. Bb6 Nb5 24. Rxd7 Nxa7 25. Bxa7 Ra8 26. Kf1 1-0

[Event "EU-ch blitz (Women)"]
[Site "Monaco"]
[Date "2025.01.10"]
[Round "13"]
[White "Hrebenshchykova, Yelyzaveta"]
[Black "Bulmaga, Irina"]
[Result "1-0"]
[WhiteElo "2280"]
[BlackElo "2386"]
[PlyCount "107"]
[EventDate "2025.01.10"]
[EventType "swiss (blitz)"]
[EventRounds "13"]
[EventCountry "MNC"]
[SourceTitle "CB03_2025"]
[SourceDate "2025.01.15"]
[SourceVersion "1"]
[SourceVersionDate "2025.01.15"]
[SourceQuality "1"]

1. e4 e5 2. Nf3 Nc6 3. Bb5 Nf6 4. d3 Bc5 5. c3 d6 6. 0-0 Bg4 7. Be3 Bb6 8. Nbd2 h6 9. Nc4 Bxe3 10. Nxe3 Bd7 11. Re1 Ne7 12. Bxd7+ Nxd7 13. d4 0-0 14. Qb3 Qc8 15. Rad1 a5 16. a4 Ng6 17. Nf5 Kh7 18. g3 Nb6 19. Kg2 Qe8 20. Ra1 Rd8 21. h4 Qd7 22. h5 Ne7 23. N3h4 Ng8 24. Nf3 Nf6 25. dxe5 dxe5 26. Nxe5 Qe8 27. Nf3 Nxh5 28. e5 g6 29. N5d4 Ng7 30. Rh1 Qe7 31. Qc2 Nd5 32. Qc1 h5 33. Ng5+ Kg8 34. Re1 c5 35. Nb5 Nf5 36. Nf3 Rd7 37. Qc2 Rfd8 38. Re4 Nc7 39. Re2 Nxb5 40. axb5 b6 41. Rae1 Kg7 42. e6 Rd6 43. exf7 Qxf7 44. Ng5 Qf6 45. Ne4 Qf7 46. Nxd6 Rxd6 47. Qe4 Rf6 48. Qe5 Qb7+ 49. Kg1 Qf7 50. Qb8 Kh7 51. Re8 g5 52. R8e5 h4 53. g4 Nh6 54. Re7 1-0

[Event "Wch Blitz (Women)"]
[Site "New York"]
[Date "2024.12.30"]
[Round "8"]
[White "Bulmaga, Irina"]
[Black "Garcia Martin, Marta"]
[Result "0-1"]
[WhiteElo "2386"]
[BlackElo "2322"]
[PlyCount "90"]
[EventDate "2024.12.30"]
[EventType "swiss (blitz)"]
[EventRounds "11"]
[EventCountry "USA"]
[SourceTitle "CB01_2025"]
[SourceDate "2025.01.01"]
[SourceVersion "1"]
[SourceVersionDate "2025.01.01"]
[SourceQuality "1"]

1. e4 g6 2. d4 Bg7 3. Nc3 d6 4. Be3 a6 5. a4 Nf6 6. f3 Nc6 7. Qd2 e5 8. Nge2 0-0 9. Rd1 exd4 10. Nxd4 Ne5 11. Be2 Re8 12. Bg5 Bd7 13. h4 Nc6 14. Nxc6 bxc6 15. 0-0 a5 16. Bd3 Qb8 17. b3 Qb4 18. Ne2 Qxd2 19. Bxd2 d5 20. Ng3 Be6 21. Bf4 Rac8 22. Ba6 Rcd8 23. Bxc7 Rd7 24. Bf4 dxe4 25. fxe4 Rxd1 26. Rxd1 Ng4 27. Bb7 c5 28. Bd5 Bd4+ 29. Rxd4 cxd4 30. Bc6 Rc8 31. Bd5 Rxc2 32. Nf1 d3 33. Nd2 Bxd5 34. exd5 Nf6 35. d6 Kf8 36. Bg5 Ke8 37. Bxf6 Rxd2 38. Kf1 Rc2 39. Bg5 Kd7 40. Ke1 Kxd6 41. Bd2 Rb2 42. Bxa5 Rxb3 43. Kd2 Kd5 44. Bc3 Kc4 45. a5 Rxc3 0-1

[Event "Wch Blitz (Women)"]
[Site "New York"]
[Date "2024.12.30"]
[Round "7"]
[White "Mkrtchyan, Mariam"]
[Black "Bulmaga, Irina"]
[Result "0-1"]
[WhiteElo "2325"]
[BlackElo "2386"]
[PlyCount "135"]
[EventDate "2024.12.30"]
[EventType "swiss (blitz)"]
[EventRounds "11"]
[EventCountry "USA"]
[SourceTitle "CB01_2025"]
[SourceDate "2025.01.01"]
[SourceVersion "1"]
[SourceVersionDate "2025.01.01"]
[SourceQuality "1"]

1. d4 Nf6 2. c4 e6 3. Nf3 b6 4. g3 Bb7 5. Bg2 Be7 6. 0-0 0-0 7. Re1 Na6 8. a3 d5 9. cxd5 exd5 10. Nc3 c5 11. Bf4 Nc7 12. Rc1 Ne6 13. e3 Rc8 14. h4 a6 15. Be5 c4 16. Nd2 b5 17. e4 dxe4 18. Ndxe4 Nxe4 19. Bxe4 Bxe4 20. Rxe4 Bf6 21. Bxf6 Qxf6 22. Nd5 Qd8 23. Nf4 Nxf4 24. Rxf4 Qd5 25. Qg4 Rcd8 26. Re1 h5 27. Qd1 g6 28. Qc2 Kg7 29. Re5 Qd6 30. Qe2 Rd7 31. Qe4 Rfd8 32. Qe3 Qb6 33. Ree4 a5 34. Kh2 b4 35. axb4 axb4 36. Qf3 f5 37. Re2 Qf6 38. d5 Rxd5 39. Qe3 Rd4 40. Rxd4 Rxd4 41. Qe8 Re4 42. Rxe4 fxe4 43. Qxe4 Qxf2+ 44. Kh1 Qxb2 45. Qe7+ Kh6 46. Qg5+ Kh7 47. Qe7+ Qg7 48. Qxb4 Qf7 49. Qc5 Qf3+ 50. Kh2 Qe2+ 51. Kh1 Qf1+ 52. Kh2 Qe2+ 53. Kh1 Qf1+ 54. Kh2 Qf7 55. Kg2 Kg7 56. Qd4+ Kf8 57. Qc5+ Ke8 58. Qc8+ Ke7 59. Qc7+ Kf6 60. Qf4+ Kg7 61. Qe5+ Kh7 62. Qc5 Qb7+ 63. Kf2 Qb2+ 64. Kf3 Qf6+ 65. Kg2 c3 66. Qc7+ Kh6 67. Qc8 Qe5 68. Qc6 0-1

[Event "Wch Blitz (Women)"]
[Site "New York"]
[Date "2024.12.30"]
[Round "3"]
[White "Nilssen, Ellen Fredericia"]
[Black "Bulmaga, Irina"]
[Result "0-1"]
[WhiteElo "2181"]
[BlackElo "2386"]
[PlyCount "56"]
[EventDate "2024.12.30"]
[EventType "swiss (blitz)"]
[EventRounds "11"]
[EventCountry "USA"]
[SourceTitle "CB01_2025"]
[SourceDate "2025.01.01"]
[SourceVersion "1"]
[SourceVersionDate "2025.01.01"]
[SourceQuality "1"]

1. d4 Nf6 2. c4 e6 3. Nc3 Bb4 4. e3 0-0 5. Bd2 b6 6. Nf3 c5 7. Be2 Bxc3 8. Bxc3 Ne4 9. Rc1 Bb7 10. 0-0 Nxc3 11. Rxc3 d6 12. Rd3 Qf6 13. b3 d5 14. cxd5 Bxd5 15. dxc5 bxc5 16. Qc1 Rc8 17. Rc3 Nd7 18. Rd1 Qg6 19. Ne1 h5 20. Bb5 Ne5 21. Rxc5 Rxc5 22. Qxc5 Nf3+ 23. Kf1 Nxe1 24. Kxe1 Qxg2 25. Bf1 Qxh2 26. Rd4 Qg1 27. e4 Bb7 28. Qb4 Ba6 0-1

[Event "Wch Blitz (Women)"]
[Site "New York"]
[Date "2024.12.30"]
[Round "5"]
[White "Sliwicka, Alicja"]
[Black "Bulmaga, Irina"]
[Result "1-0"]
[WhiteElo "2346"]
[BlackElo "2386"]
[PlyCount "95"]
[EventDate "2024.12.30"]
[EventType "swiss (blitz)"]
[EventRounds "11"]
[EventCountry "USA"]
[SourceTitle "CB01_2025"]
[SourceDate "2025.01.01"]
[SourceVersion "1"]
[SourceVersionDate "2025.01.01"]
[SourceQuality "1"]

1. e4 e5 2. Nf3 Nc6 3. Bb5 Nf6 4. Nc3 a6 5. Ba4 Bb4 6. Nd5 Nxd5 7. exd5 Nd4 8. 0-0 Nxf3+ 9. Qxf3 0-0 10. c3 Be7 11. d4 exd4 12. cxd4 Bf6 13. Be3 d6 14. Rac1 g6 15. Rc3 b5 16. Bb3 Bg7 17. Rfc1 Ra7 18. Qg3 Bf5 19. Bd1 Re8 20. h4 h5 21. a4 b4 22. Rc4 a5 23. Bg5 Qd7 24. Be3 Kh7 25. b3 f6 26. Bf3 Re7 27. Qf4 Qe8 28. Re1 Be4 29. Bxe4 Rxe4 30. Qf3 f5 31. Rec1 Qe7 32. Bg5 Qf7 33. Kh2 Bxd4 34. g3 Kg8 35. Rd1 Bc5 36. Rdc1 Rxc4 37. Rxc4 Ra8 38. Rc2 Re8 39. Re2 Bd4 40. Qd3 Rxe2 41. Qxe2 Bg7 42. Qc4 c5 43. dxc6 Qxc4 44. bxc4 b3 45. Bc1 b2 46. Bxb2 Bxb2 47. c7 Kf7 48. c8Q 1-0